Départements de Provence-Alpes-Côte d'Azur (Click) - Statistiques

Statistiques générales
  • Ce quiz a été pris 380 fois
  • Le résultat moyen est 5 sur 6
Statistiques - réponses
Hint Réponse % Correct

Alpes-Maritimes
89%

Hautes-Alpes
85%

Alpes-de-Haute-Provence
81%

Bouches-du-Rhône
79%

Vaucluse
73%

Var
71%
Aucun quiz correspondant
Distribution des résultats
% des personnes avec chaque résultat
Percentile par nombre de réponses
Votre historique - résultats
Vous n’avez pas pris ce quiz